Štruktúra portfólia investícií poisťovne a ich oceňovanie a vykazovanie v účtovnej závierke diplomová práca

Saved in:
Bibliographic Details
Main Author: Budayová, Daniela
Corporate Author: Fakulta hospodárskej informatiky EU. Katedra účtovníctva a audítorstva
Other Authors: Meluchová, Jitka, 1965-
Format: Book
Language:Slovak
Published: Bratislava 2023
Tags: Add Tag
No Tags, Be the first to tag this record!

MARC

LEADER 00000nbm a2200000 4500
001 0294163
005 20240209093210.0
041 0 |a slo 
044 |a SK 
245 1 0 |a Štruktúra portfólia investícií poisťovne a ich oceňovanie a vykazovanie v účtovnej závierke  |b diplomová práca  |c Daniela Budayová ; školiteľ: Jitka Meluchová 
264 1 |a Bratislava  |c 2023 
300 |a 70 s. 
100 1 |a Budayová, Daniela 
700 1 |a Meluchová, Jitka, 1965- 
710 2 |a Fakulta hospodárskej informatiky EU. Katedra účtovníctva a audítorstva